Oravský zámok

Zobrazenie: pohľad na hrad

Bibliographic Details
Format: Photo
Language:Slovak
PhysicalDescription:1 pohľadnica čiernobiela 9 x 14 cm
Published: Bratislava Tvar [1950?]
Subjects:

MARC

LEADER 00000nkm a2200000 a 4500
001 vtls001378330
003 SK-MaSNL
005 20260301071112.0
007 kf bo
008 231121q1950 xo g 0kuslo
035 |a SNK000332293 
035 |a urn:nbn:sk:snk-km004kay 
035 |a 52E97CE0-7046-4BF2-8083-C9E569285A9A 
035 |a urn:nbn:sk:snk-kmtfwt 
040 |a SNK  |b slo  |c SNK  |e AACR2 
041 0 |a slo 
043 |a e-xo--- 
044 |a xo  |c SK 
080 |a 728.81  |2 2001 
080 |a (437.6)  |2 2001 
080 |a (089.7)904  |2 2001 
245 0 0 |a Oravský zámok  |h grafika 
260 |a Bratislava  |b Tvar  |c [1950?] 
300 |a 1 pohľadnica  |b čiernobiela  |c 9 x 14 cm 
520 8 |a Zobrazenie: pohľad na hrad 
610 2 7 |a Oravský hrad (Oravský Podzámok, Slovensko)  |2 SNKKA  |9 32353 
650 0 7 |a hrady  |2 SNKPH  |9 3039 
651 7 |a Oravský Podzámok (Slovensko)  |2 SNKPH  |9 36830 
655 7 |a pohľadnice kultúrnych pamiatok  |2 SNKPH  |9 70523 
852 |a Slovenská národná knižnica 
958 |a GC 
958 |a OND 
958 |a GBN 
958 |a EUIPO 
999 |c 636612  |d 638542 
952 |a SNK  |b SNK  |y PREZ  |7 0  |p 17A0887200  |o snkSP 94158   |i snkPV 158/99  |8 0  |0 0  |1 0  |4 0  |d 2000-05-05  |f 1  |l 0  |r 2005-01-02 00:00:00  |w 2026-02-23